[Event "World Chess Olympiad 2018"]
[Site "Batumi"]
[Date "2018.10.01"]
[Round "7"]
[Board "3"]
[WhiteFideId "105309"]
[White "Peralta Fernando"]
[BlackFideId "409561"]
[Black "Jones Gawain C B"]
[Result "1/2-1/2"]
[LiveChessVersion "1.4.8"]
[BlackElo "2677"]
[WhiteElo "2569"]

1. d4 {[%clk 1:30:57]} Nf6 {[%clk 1:30:54]} 2. c4 {[%clk 1:31:23]} g6
{[%clk 1:31:16]} 3. Nc3 {[%clk 1:31:49]} Bg7 {[%clk 1:31:40]} 4. e4
{[%clk 1:32:15]} d6 {[%clk 1:32:03]} 5. Nf3 {[%clk 1:32:41]} O-O {[%clk 1:32:23]}
6. h3 {[%clk 1:33:08]} e5 {[%clk 1:32:45]} 7. d5 {[%clk 1:33:33]} a5
{[%clk 1:32:57]} 8. g4 {[%clk 1:33:19]} Na6 {[%clk 1:33:21]} 9. Bg5
{[%clk 1:33:17]} Qe8 {[%clk 1:33:00]} 10. Be3 {[%clk 1:33:34]} Nd7
{[%clk 1:29:02]} 11. a3 {[%clk 1:32:18]} Nb6 {[%clk 1:19:51]} 12. Nd2
{[%clk 1:29:46]} f5 {[%clk 1:14:30]} 13. exf5 {[%clk 1:26:36]} gxf5
{[%clk 1:14:09]} 14. Rg1 {[%clk 1:26:38]} e4 {[%clk 1:03:34]} 15. gxf5
{[%clk 1:25:16]} Bxf5 {[%clk 1:03:42]} 16. Ndxe4 {[%clk 1:24:14]} Bxe4
{[%clk 0:54:49]} 17. Rxg7+ {[%clk 1:22:33]} Kxg7 {[%clk 0:55:12]} 18. Qd4+
{[%clk 1:22:49]} Qe5 {[%clk 0:55:08]} 19. Qxe5+ {[%clk 1:20:06]} dxe5
{[%clk 0:55:36]} 20. Nxe4 {[%clk 1:20:30]} Nd7 {[%clk 0:53:54]} 21. O-O-O
{[%clk 1:11:57]} b6 {[%clk 0:49:45]} 22. d6 c6 {[%clk 0:40:35]} 23. Bg2
{[%clk 0:51:04]} Rac8 {[%clk 0:38:44]} 24. h4 {[%clk 0:45:02]} Nab8
{[%clk 0:33:47]} 25. Bh3 {[%clk 0:38:32]} Rce8 {[%clk 0:30:21]} 26. Bg5
{[%clk 0:15:10]} h6 {[%clk 0:19:42]} 27. Be3 {[%clk 0:11:16]} Kh7
{[%clk 0:19:54]} 28. Rg1 {[%clk 0:05:49]} Rg8 {[%clk 0:17:28]} 29. Bf5+
{[%clk 0:06:00]} Kh8 {[%clk 0:17:54]} 30. Rxg8+ {[%clk 0:04:23]} Kxg8
{[%clk 0:18:06]} 31. Bxh6 {[%clk 0:04:45]} Kf7 {[%clk 0:18:05]} 32. Bg5
{[%clk 0:03:31]} Rh8 {[%clk 0:14:45]} 33. b4 {[%clk 0:01:39]} axb4
{[%clk 0:13:15]} 34. axb4 {[%clk 0:02:07]} Nf8 {[%clk 0:13:23]} 35. Bf6
{[%clk 0:01:52]} Rh6 {[%clk 0:12:39]} 36. Bg5 {[%clk 0:02:10]} Rh8
{[%clk 0:13:07]} 37. Be7 {[%clk 0:01:12]} Rh6 {[%clk 0:06:49]} 38. Ng5+
{[%clk 0:00:46]} Ke8 {[%clk 0:07:00]} 39. Bxf8 {[%clk 0:00:33]} Kxf8
{[%clk 0:07:24]} 40. d7 {[%clk 0:30:50]} Nxd7 {[%clk 0:37:35]} 41. Bxd7
{[%clk 0:31:15]} Rxh4 {[%clk 0:36:58]} 42. Kb2 {[%clk 0:20:34]} Rxc4
{[%clk 0:32:51]} 43. Kb3 {[%clk 0:20:49]} Rc1 {[%clk 0:32:24]} 44. Ne4
{[%clk 0:18:24]} Ke7 {[%clk 0:31:13]} 45. Bg4 {[%clk 0:17:58]} Rb1+
{[%clk 0:30:43]} 46. Kc4 {[%clk 0:17:19]} Rc1+ {[%clk 0:30:16]} 47. Nc3
{[%clk 0:17:25]} Rc2 {[%clk 0:28:46]} 48. f3 {[%clk 0:17:25]} Kd6
{[%clk 0:28:04]} 49. Bf5 {[%clk 0:16:57]} Rb2 {[%clk 0:27:33]} 50. Ne4+
{[%clk 0:16:41]} Kc7 {[%clk 0:27:56]} 51. Kc3 {[%clk 0:16:33]} Ra2
{[%clk 0:28:13]} 52. Nd2 {[%clk 0:15:41]} b5 {[%clk 0:23:16]} 53. Be6
{[%clk 0:12:35]} Ra3+ {[%clk 0:22:52]} 54. Bb3 {[%clk 0:12:07]} Kb6
{[%clk 0:21:55]} 55. Kb2 {[%clk 0:10:15]} Ra8 {[%clk 0:19:59]} 56. Ne4
{[%clk 0:10:42]} Rf8 {[%clk 0:20:03]} 57. Bd1 {[%clk 0:11:01]} Rh8
{[%clk 0:19:20]} 58. Kc3 {[%clk 0:08:56]} Rh1 {[%clk 0:19:24]} 59. Kd2
{[%clk 0:08:30]} Kc7 {[%clk 0:19:12]} 60. Nc5 {[%clk 0:07:19]} Kd6
{[%clk 0:18:47]} 61. Bb3 {[%clk 0:07:14]} Rh4 {[%clk 0:17:33]} 62. Ne4+
{[%clk 0:07:11]} Kc7 {[%clk 0:17:58]} 63. Be6 {[%clk 0:06:49]} Kb6
{[%clk 0:17:41]} 64. Bg4 {[%clk 0:06:55]} Rh1 {[%clk 0:17:51]} 65. Nc5
{[%clk 0:05:53]} Kc7 {[%clk 0:17:50]} 66. Bf5 {[%clk 0:05:58]} Rh2+
{[%clk 0:16:33]} 67. Kc3 {[%clk 0:06:07]} Rf2 {[%clk 0:16:44]} 68. Be4
{[%clk 0:06:19]} Ra2 {[%clk 0:17:00]} 69. Ne6+ {[%clk 0:04:39]} Kb6
{[%clk 0:16:40]} 70. Nc5 {[%clk 0:04:10]} Kc7 {[%clk 0:17:04]} 71. Kb3
{[%clk 0:04:25]} Ra8 {[%clk 0:16:42]} 72. Kb2 {[%clk 0:03:09]} Ra7
{[%clk 0:16:43]} 73. Kc3 {[%clk 0:02:44]} 1/2-1/2

[Event "World Chess Olympiad 2018"]
[Site "Batumi"]
[Date "2018.10.01"]
[Round "7"]
[Board "4"]
[WhiteFideId "403989"]
[White "Pert Nicholas"]
[BlackFideId "110973"]
[Black "Pichot Alan"]
[Result "1/2-1/2"]
[LiveChessVersion "1.4.8"]
[BlackElo "2562"]
[WhiteElo "2549"]

1. d4 {[%clk 1:30:57]} Nf6 {[%clk 1:30:50]} 2. Nf3 {[%clk 1:31:23]} d5
{[%clk 1:30:57]} 3. c4 {[%clk 1:31:43]} e6 {[%clk 1:31:16]} 4. Nc3
{[%clk 1:31:49]} dxc4 {[%clk 1:31:23]} 5. e4 {[%clk 1:31:48]} b5 {[%clk 1:31:31]}
6. e5 {[%clk 1:30:46]} Nd5 {[%clk 1:31:48]} 7. Nxb5 {[%clk 1:30:48]} Nb6
{[%clk 1:32:07]} 8. Be2 {[%clk 1:30:08]} Nc6 {[%clk 1:32:10]} 9. O-O
{[%clk 1:29:57]} Be7 {[%clk 1:32:20]} 10. Nc3 {[%clk 1:29:10]} O-O
{[%clk 1:30:34]} 11. Qd2 {[%clk 1:28:51]} Nb4 {[%clk 1:23:21]} 12. a3
{[%clk 1:22:23]} Nd3 {[%clk 1:14:22]} 13. Bxd3 {[%clk 1:21:38]} cxd3
{[%clk 1:14:47]} 14. Qxd3 {[%clk 1:22:00]} Bb7 {[%clk 1:14:35]} 15. Rd1
{[%clk 1:19:20]} c5 {[%clk 1:14:02]} 16. dxc5 {[%clk 1:17:18]} Qxd3
{[%clk 1:12:11]} 17. Rxd3 {[%clk 1:17:42]} Bxc5 {[%clk 1:12:35]} 18. b4
{[%clk 0:49:44]} Be7 {[%clk 1:12:27]} 19. Bg5 {[%clk 0:49:42]} f6
{[%clk 0:52:41]} 20. exf6 {[%clk 0:41:15]} gxf6 {[%clk 0:52:53]} 21. Bh6
{[%clk 0:41:42]} Rfd8 {[%clk 0:47:40]} 22. Nd4 {[%clk 0:41:57]} Kf7
{[%clk 0:47:23]} 23. Rad1 {[%clk 0:41:33]} a5 {[%clk 0:36:55]} 24. Rg3
{[%clk 0:32:23]} Rg8 {[%clk 0:35:46]} 25. bxa5 {[%clk 0:32:05]} Rxg3
{[%clk 0:28:40]} 26. hxg3 {[%clk 0:32:30]} Nc4 {[%clk 0:28:41]} 27. Rb1
{[%clk 0:30:44]} Nxa5 {[%clk 0:27:44]} 28. a4 {[%clk 0:30:31]} Bc8
{[%clk 0:23:52]} 29. Ndb5 {[%clk 0:26:15]} Nc4 {[%clk 0:18:41]} 30. Rd1
{[%clk 0:07:38]} Nb2 {[%clk 0:17:19]} 31. Rd2 {[%clk 0:06:10]} Nxa4
{[%clk 0:16:26]} 32. Nxa4 {[%clk 0:06:23]} Rxa4 {[%clk 0:16:52]} 33. Nd6+
{[%clk 0:06:48]} Bxd6 {[%clk 0:17:18]} 34. Rxd6 {[%clk 0:07:14]} Kg6
{[%clk 0:17:08]} 1/2-1/2

[Event "World Chess Olympiad 2018"]
[Site "Batumi"]
[Date "2018.10.01"]
[Round "7"]
[Board "1"]
[WhiteFideId "6400361"]
[White "Munoz Santana Jose Lisandro"]
[BlackFideId "12539929"]
[Black "Maghsoodloo Parham"]
[Result "0-1"]
[LiveChessVersion "1.4.8"]
[BlackElo "2649"]
[WhiteElo "2434"]

1. c4 {[%clk 1:30:57]} e5 {[%clk 1:30:47]} 2. Nc3 {[%clk 1:31:10]} Nf6
{[%clk 1:29:20]} 3. Nf3 {[%clk 1:31:32]} Nc6 {[%clk 1:29:37]} 4. e3
{[%clk 1:30:57]} Bb4 {[%clk 1:29:57]} 5. Qc2 {[%clk 1:31:18]} O-O
{[%clk 1:28:33]} 6. Nd5 {[%clk 1:31:27]} Re8 {[%clk 1:28:55]} 7. Qf5
{[%clk 1:29:54]} d6 {[%clk 1:26:11]} 8. Nxf6+ {[%clk 1:30:13]} Qxf6
{[%clk 1:23:11]} 9. Qxf6 {[%clk 1:30:35]} gxf6 {[%clk 1:23:37]} 10. a3
{[%clk 1:29:42]} Bc5 {[%clk 1:22:49]} 11. b4 {[%clk 1:28:30]} Bb6
{[%clk 1:23:14]} 12. Bb2 {[%clk 1:28:54]} a5 {[%clk 1:19:30]} 13. b5
{[%clk 1:28:42]} Ne7 {[%clk 1:19:35]} 14. d4 {[%clk 1:21:04]} a4 {[%clk 1:17:54]}
15. O-O-O {[%clk 1:13:19]} Ng6 {[%clk 1:15:35]} 16. h4 {[%clk 1:08:53]} h5
{[%clk 1:12:45]} 17. Be2 {[%clk 1:05:15]} Kg7 {[%clk 1:12:00]} 18. dxe5
{[%clk 0:31:52]} fxe5 {[%clk 1:11:57]} 19. Ng5 {[%clk 0:32:15]} Rh8
{[%clk 0:50:59]} 20. Ne4 {[%clk 0:25:07]} f6 {[%clk 0:50:41]} 21. Bc3
{[%clk 0:17:02]} Kf7 {[%clk 0:42:16]} 22. Bb4 {[%clk 0:17:17]} Bf5
{[%clk 0:42:32]} 23. Bd3 {[%clk 0:13:07]} Ne7 {[%clk 0:41:22]} 24. c5
{[%clk 0:06:00]} dxc5 {[%clk 0:40:49]} 25. Nxc5 {[%clk 0:06:21]} Bxc5
{[%clk 0:39:50]} 26. Bxc5 {[%clk 0:06:48]} Be6 {[%clk 0:39:58]} 27. Be2
{[%clk 0:05:22]} Nd5 {[%clk 0:38:13]} 28. Bc4 {[%clk 0:04:07]} Rhd8
{[%clk 0:35:46]} 29. Kb2 {[%clk 0:02:53]} c6 {[%clk 0:34:30]} 30. bxc6
{[%clk 0:01:55]} bxc6 {[%clk 0:34:49]} 31. Bxd5 {[%clk 0:00:36]} Bxd5
{[%clk 0:35:02]} 32. f3 {[%clk 0:00:40]} Rab8+ {[%clk 0:33:24]} 33. Ka1
{[%clk 0:00:53]} Rb5 {[%clk 0:33:50]} 34. Bb4 {[%clk 0:01:03]} c5
{[%clk 0:34:19]} 35. Bc3 {[%clk 0:01:13]} Rb3 {[%clk 0:34:29]} 36. Bb2
{[%clk 0:00:33]} Rxe3 {[%clk 0:34:48]} 37. Rd2 {[%clk 0:01:02]} c4
{[%clk 0:34:02]} 38. Rc1 {[%clk 0:01:19]} Rd3 {[%clk 0:33:49]} 39. Rcc2
{[%clk 0:00:33]} Bxf3 {[%clk 0:33:43]} 40. Rf2 {[%clk 0:30:44]} Rd1+
{[%clk 1:03:58]} 41. Rc1 {[%clk 0:29:45]} Bxg2 {[%clk 1:00:18]} 42. Ka2
{[%clk 0:27:36]} Rxc1 {[%clk 0:59:18]} 43. Bxc1 {[%clk 0:28:04]} Bd5
{[%clk 0:59:41]} 44. Rxf6+ {[%clk 0:27:42]} Kxf6 {[%clk 1:00:02]} 45. Bg5+
{[%clk 0:28:08]} Kf5 {[%clk 1:00:26]} 46. Bxd8 {[%clk 0:28:35]} e4
{[%clk 1:00:52]} 47. Kb2 {[%clk 0:28:57]} e3 {[%clk 1:01:08]} 48. Bg5
{[%clk 0:25:38]} Ke4 {[%clk 1:01:27]} 0-1

[Event "World Chess Olympiad 2018"]
[Site "Batumi"]
[Date "2018.10.01"]
[Round "7"]
[Board "2"]
[WhiteFideId "12510130"]
[White "Idani Pouya"]
[BlackFideId "6405525"]
[Black "Abreu Jean Carlos Paul"]
[Result "0-1"]
[LiveChessVersion "1.4.8"]
[BlackElo "2310"]
[WhiteElo "2589"]

1. e4 {[%clk 1:30:57]} c5 {[%clk 1:30:51]} 2. Nf3 {[%clk 1:31:23]} Nc6
{[%clk 1:30:51]} 3. Bb5 {[%clk 1:31:48]} g6 {[%clk 1:30:59]} 4. O-O
{[%clk 1:32:06]} Bg7 {[%clk 1:30:57]} 5. Nc3 {[%clk 1:32:31]} Nd4
{[%clk 1:29:29]} 6. Ba4 {[%clk 1:32:56]} a6 {[%clk 1:25:08]} 7. Nxd4
{[%clk 1:33:18]} cxd4 {[%clk 1:25:19]} 8. Ne2 {[%clk 1:33:44]} Qa5
{[%clk 1:16:29]} 9. Bb3 {[%clk 1:29:40]} Nf6 {[%clk 1:16:35]} 10. d3
{[%clk 1:29:42]} Qc5 {[%clk 1:16:43]} 11. c3 {[%clk 1:29:24]} dxc3
{[%clk 1:16:31]} 12. Nxc3 {[%clk 1:28:48]} d6 {[%clk 1:12:10]} 13. Be3
{[%clk 1:27:17]} Qa5 {[%clk 1:11:48]} 14. Qd2 {[%clk 1:22:26]} Be6
{[%clk 1:07:18]} 15. Bxe6 {[%clk 1:17:30]} fxe6 {[%clk 1:07:43]} 16. Bh6
{[%clk 1:10:58]} Bxh6 {[%clk 0:59:05]} 17. Qxh6 {[%clk 1:11:22]} Ng4
{[%clk 0:59:16]} 18. Qh3 {[%clk 1:09:12]} Qh5 {[%clk 0:45:24]} 19. Qxh5
{[%clk 1:04:52]} gxh5 {[%clk 0:45:52]} 20. d4 {[%clk 1:04:12]} Rc8
{[%clk 0:34:32]} 21. Rac1 {[%clk 1:02:52]} Kd7 {[%clk 0:27:38]} 22. Na4
{[%clk 1:00:14]} Rc6 {[%clk 0:27:10]} 23. d5 {[%clk 0:57:08]} exd5
{[%clk 0:26:41]} 24. exd5 {[%clk 0:57:33]} Rxc1 {[%clk 0:20:55]} 25. Rxc1
{[%clk 0:57:56]} Rb8 {[%clk 0:21:14]} 26. Nb6+ {[%clk 0:57:09]} Kd8
{[%clk 0:19:31]} 27. a4 {[%clk 0:49:38]} a5 {[%clk 0:17:20]} 28. Rc3
{[%clk 0:36:56]} Nf6 {[%clk 0:16:50]} 29. h4 {[%clk 0:33:10]} Nd7
{[%clk 0:15:59]} 30. Nc4 {[%clk 0:32:19]} Rc8 {[%clk 0:11:15]} 31. Kh2
{[%clk 0:19:03]} Rc5 {[%clk 0:11:26]} 32. Kh3 {[%clk 0:19:31]} Nf6
{[%clk 0:11:02]} 33. b3 {[%clk 0:18:43]} b5 {[%clk 0:10:30]} 34. axb5
{[%clk 0:18:54]} Rxb5 {[%clk 0:10:52]} 35. Rg3 {[%clk 0:15:41]} Rxd5
{[%clk 0:09:01]} 36. Rg5 {[%clk 0:15:50]} Rd3+ {[%clk 0:09:23]} 37. f3
{[%clk 0:16:09]} Rxb3 {[%clk 0:09:17]} 38. Rxa5 {[%clk 0:16:21]} Kc7
{[%clk 0:04:59]} 39. Ra7+ {[%clk 0:16:05]} Rb7 {[%clk 0:05:13]} 40. Ra8
{[%clk 0:44:56]} Kd7 {[%clk 0:33:57]} 41. Ra5 {[%clk 0:44:05]} Ke6
{[%clk 0:32:43]} 42. Ne3 {[%clk 0:44:21]} d5 {[%clk 0:31:42]} 43. Kg3
{[%clk 0:43:57]} Rd7 {[%clk 0:26:35]} 44. Kf4 {[%clk 0:41:10]} d4
{[%clk 0:23:34]} 45. Nc4 {[%clk 0:40:14]} Rb7 {[%clk 0:16:42]} 46. Re5+
{[%clk 0:39:15]} Kf7 {[%clk 0:17:00]} 47. Re1 {[%clk 0:37:57]} Rc7
{[%clk 0:12:12]} 48. Ne5+ {[%clk 0:38:03]} Kg7 {[%clk 0:12:29]} 49. Kf5
{[%clk 0:31:47]} Rc2 {[%clk 0:06:52]} 50. g3 {[%clk 0:32:05]} Rg2
{[%clk 0:03:01]} 51. Nc6 {[%clk 0:27:29]} Ng8 {[%clk 0:01:30]} 52. Nxd4
{[%clk 0:18:01]} Rxg3 {[%clk 0:01:55]} 53. Ne6+ {[%clk 0:18:23]} Kf7
{[%clk 0:02:16]} 54. Ng5+ {[%clk 0:18:49]} Kg7 {[%clk 0:02:41]} 55. Ra1
{[%clk 0:18:44]} Nh6+ {[%clk 0:01:25]} 56. Ke6 {[%clk 0:18:11]} Rg2
{[%clk 0:01:38]} 57. Ra5 {[%clk 0:15:50]} Re2+ {[%clk 0:01:39]} 58. Ne4
{[%clk 0:16:13]} Re3 {[%clk 0:01:09]} 59. Rg5+ {[%clk 0:14:14]} Kf8
{[%clk 0:01:10]} 60. Rxh5 {[%clk 0:14:00]} Ng8 {[%clk 0:01:05]} 61. Rf5+
{[%clk 0:10:17]} Nf6 {[%clk 0:01:23]} 62. Ke5 {[%clk 0:10:23]} Kg7
{[%clk 0:01:16]} 63. Kf4 {[%clk 0:10:48]} Ra3 {[%clk 0:01:33]} 64. Re5
{[%clk 0:11:03]} Kg6 {[%clk 0:01:01]} 65. Nc5 {[%clk 0:09:45]} Rc3
{[%clk 0:00:53]} 66. Rg5+ {[%clk 0:09:35]} Kf7 {[%clk 0:01:14]} 67. Nd7
{[%clk 0:09:50]} Nxd7 {[%clk 0:01:35]} 0-1

[Event "World Chess Olympiad 2018"]
[Site "Batumi"]
[Date "2018.10.01"]
[Round "7"]
[Board "4"]
[WhiteFideId "12519278"]
[White "Mosadeghpour Masoud"]
[BlackFideId "6405096"]
[Black "Guzman Christopher"]
[Result "1-0"]
[LiveChessVersion "1.4.8"]
[BlackElo "2283"]
[WhiteElo "2515"]

1. Nf3 {[%clk 1:30:31]} Nf6 {[%clk 1:27:34]} 2. g3 {[%clk 1:30:47]} b6
{[%clk 1:26:44]} 3. Bg2 {[%clk 1:30:55]} Bb7 {[%clk 1:27:01]} 4. d4
{[%clk 1:31:19]} e6 {[%clk 1:26:38]} 5. O-O {[%clk 1:31:32]} Be7 {[%clk 1:26:06]}
6. c4 {[%clk 1:31:56]} O-O {[%clk 1:26:30]} 7. b3 {[%clk 1:32:22]} a5
{[%clk 1:26:48]} 8. a3 {[%clk 1:26:45]} d5 {[%clk 1:17:00]} 9. cxd5
{[%clk 1:26:06]} Nxd5 {[%clk 1:16:30]} 10. Bb2 {[%clk 1:21:45]} Nd7
{[%clk 1:11:50]} 11. Nbd2 {[%clk 1:17:59]} c5 {[%clk 1:05:59]} 12. Rc1
{[%clk 1:11:53]} Rc8 {[%clk 0:55:57]} 13. e4 {[%clk 1:02:53]} N5f6
{[%clk 0:55:35]} 14. Qe2 {[%clk 1:02:12]} cxd4 {[%clk 0:53:39]} 15. Nxd4
{[%clk 1:01:28]} Rxc1 {[%clk 0:53:50]} 16. Rxc1 {[%clk 1:01:04]} Qa8
{[%clk 0:54:01]} 17. f3 {[%clk 0:53:03]} Rc8 {[%clk 0:42:35]} 18. Qd1
{[%clk 0:47:33]} Rxc1 {[%clk 0:37:40]} 19. Qxc1 {[%clk 0:47:42]} Bc5
{[%clk 0:38:02]} 20. Kh1 {[%clk 0:44:40]} Qf8 {[%clk 0:37:41]} 21. Nc4
{[%clk 0:40:38]} Ba6 {[%clk 0:37:35]} 22. Bf1 {[%clk 0:35:02]} Bxc4
{[%clk 0:34:26]} 23. Bxc4 {[%clk 0:33:22]} Qd6 {[%clk 0:34:54]} 24. Nb5
{[%clk 0:32:17]} Qc6 {[%clk 0:34:49]} 25. Bd3 {[%clk 0:27:32]} Qb7
{[%clk 0:35:07]} 26. Kg2 {[%clk 0:26:51]} e5 {[%clk 0:33:59]} 27. Qd2
{[%clk 0:24:51]} Qc6 {[%clk 0:27:41]} 28. Bc3 {[%clk 0:17:40]} h6
{[%clk 0:26:48]} 29. b4 {[%clk 0:14:52]} axb4 {[%clk 0:27:05]} 30. axb4
{[%clk 0:15:20]} Be7 {[%clk 0:23:37]} 31. Qa2 {[%clk 0:15:49]} Ne8
{[%clk 0:21:30]} 32. Bc4 {[%clk 0:16:03]} Kf8 {[%clk 0:21:52]} 33. Bxf7
{[%clk 0:16:04]} Qxb5 {[%clk 0:21:25]} 34. Bg6 {[%clk 0:16:23]} Nd6
{[%clk 0:20:21]} 35. Qa8+ {[%clk 0:16:47]} Nb8 {[%clk 0:20:43]} 36. Qxb8+
{[%clk 0:17:11]} Ne8 {[%clk 0:21:11]} 37. Bxe5 {[%clk 0:15:19]} Bxb4
{[%clk 0:20:58]} 38. Bxe8 {[%clk 0:14:50]} Qxe8 {[%clk 0:20:47]} 39. Bxg7+
{[%clk 0:15:14]} Kf7 {[%clk 0:21:07]} 40. Qxb6 {[%clk 0:44:33]} Kxg7
{[%clk 0:51:33]} 41. Qxb4 {[%clk 0:44:54]} Qc6 {[%clk 0:51:43]} 42. e5
{[%clk 0:42:54]} Qc2+ {[%clk 0:52:06]} 43. Kh3 {[%clk 0:43:21]} Qe2
{[%clk 0:51:24]} 44. Qe7+ {[%clk 0:43:13]} Kg8 {[%clk 0:51:26]} 45. Qe6+
{[%clk 0:43:36]} Kg7 {[%clk 0:51:49]} 46. Qf6+ {[%clk 0:44:00]} Kh7
{[%clk 0:52:18]} 47. e6 {[%clk 0:44:12]} Qf1+ {[%clk 0:52:32]} 48. Kh4
{[%clk 0:44:31]} Qc4+ {[%clk 0:52:51]} 49. f4 {[%clk 0:43:58]} h5
{[%clk 0:51:44]} 50. e7 {[%clk 0:42:57]} Qc2 {[%clk 0:51:33]} 51. Qf7+
{[%clk 0:42:15]} Kh6 {[%clk 0:51:55]} 52. Qxh5+ {[%clk 0:42:29]} Kg7
{[%clk 0:52:23]} 53. Qe5+ {[%clk 0:42:02]} Kh7 {[%clk 0:52:38]} 54. e8=Q
{[%clk 0:42:12]} Qxh2+ {[%clk 0:52:07]} 55. Kg4 {[%clk 0:42:34]} 1-0

[Event "World Chess Olympiad 2018"]
[Site "Batumi"]
[Date "2018.10.01"]
[Round "7"]
[Board "1"]
[WhiteFideId "14300249"]
[White "Cawdery Daniel"]
[BlackFideId "916811"]
[Black "Solak Dragan"]
[Result "0-1"]
[LiveChessVersion "1.4.8"]
[BlackElo "2609"]
[WhiteElo "2422"]

1. e4 {[%clk 1:30:57]} c5 {[%clk 1:30:55]} 2. Nf3 {[%clk 1:31:15]} d6
{[%clk 1:31:15]} 3. d4 {[%clk 1:31:27]} cxd4 {[%clk 1:31:40]} 4. Nxd4
{[%clk 1:31:52]} Nf6 {[%clk 1:32:02]} 5. Nc3 {[%clk 1:32:20]} Nc6
{[%clk 1:32:20]} 6. Bg5 {[%clk 1:32:00]} e6 {[%clk 1:32:26]} 7. Qd2
{[%clk 1:32:23]} a6 {[%clk 1:32:48]} 8. O-O-O {[%clk 1:32:43]} Bd7
{[%clk 1:33:10]} 9. f4 {[%clk 1:32:12]} b5 {[%clk 1:33:04]} 10. Bxf6
{[%clk 1:30:26]} gxf6 {[%clk 1:33:26]} 11. Kb1 {[%clk 1:25:18]} Qb6
{[%clk 1:32:58]} 12. Nce2 {[%clk 1:17:27]} h5 {[%clk 1:31:46]} 13. g3
{[%clk 1:14:11]} Na5 {[%clk 1:26:30]} 14. Nc1 {[%clk 0:48:56]} Bg7
{[%clk 1:00:48]} 15. Nf3 {[%clk 0:42:34]} O-O-O {[%clk 1:00:09]} 16. Nb3
{[%clk 0:39:26]} Nb7 {[%clk 0:57:03]} 17. Bd3 {[%clk 0:35:25]} Kb8
{[%clk 0:48:31]} 18. Rhe1 {[%clk 0:35:53]} Nc5 {[%clk 0:40:08]} 19. Bf1
{[%clk 0:34:05]} Bc6 {[%clk 0:39:22]} 20. Qe3 {[%clk 0:33:48]} Ka7
{[%clk 0:34:44]} 21. Nfd4 {[%clk 0:30:54]} Bb7 {[%clk 0:33:54]} 22. Bd3
{[%clk 0:24:33]} Nxb3 {[%clk 0:28:13]} 23. axb3 {[%clk 0:22:38]} f5
{[%clk 0:27:54]} 24. Nf3 {[%clk 0:22:42]} Qxe3 {[%clk 0:25:49]} 25. Rxe3
{[%clk 0:23:11]} fxe4 {[%clk 0:23:09]} 26. Rxe4 {[%clk 0:17:20]} Bxe4
{[%clk 0:23:15]} 27. Bxe4 {[%clk 0:17:49]} d5 {[%clk 0:14:35]} 28. Bd3
{[%clk 0:18:18]} Bf6 {[%clk 0:11:00]} 29. c3 {[%clk 0:18:23]} Rhg8
{[%clk 0:09:48]} 30. Rg1 {[%clk 0:18:17]} Rg7 {[%clk 0:04:48]} 31. Be2
{[%clk 0:18:18]} Kb6 {[%clk 0:03:31]} 32. Kc2 {[%clk 0:18:17]} a5
{[%clk 0:03:20]} 33. Ne1 {[%clk 0:15:41]} Rc8 {[%clk 0:02:49]} 34. Kd2
{[%clk 0:14:26]} b4 {[%clk 0:02:38]} 35. cxb4 {[%clk 0:14:13]} Bxb2
{[%clk 0:02:39]} 36. bxa5+ {[%clk 0:14:29]} Kxa5 {[%clk 0:03:04]} 37. Nd3
{[%clk 0:14:45]} Bd4 {[%clk 0:02:42]} 38. Rb1 {[%clk 0:14:21]} h4
{[%clk 0:00:51]} 39. g4 {[%clk 0:14:23]} Kb6 {[%clk 0:01:01]} 40. b4
{[%clk 0:43:39]} Rgg8 {[%clk 0:30:40]} 41. Bd1 {[%clk 0:34:43]} Rc3
{[%clk 0:25:25]} 42. b5 {[%clk 0:29:59]} Ra8 {[%clk 0:23:58]} 0-1

[Event "World Chess Olympiad 2018"]
[Site "Batumi"]
[Date "2018.10.01"]
[Round "7"]
[Board "2"]
[WhiteFideId "6302181"]
[White "Can Emre"]
[BlackFideId "14300141"]
[Black "Kobese Watu"]
[Result "1-0"]
[LiveChessVersion "1.4.8"]
[BlackElo "2344"]
[WhiteElo "2588"]

1. d4 {[%clk 1:30:53]} Nf6 {[%clk 1:30:49]} 2. c4 {[%clk 1:31:00]} g6
{[%clk 1:31:13]} 3. Nc3 {[%clk 1:31:11]} Bg7 {[%clk 1:31:36]} 4. e4
{[%clk 1:31:05]} d6 {[%clk 1:31:58]} 5. Be2 {[%clk 1:31:04]} O-O {[%clk 1:32:18]}
6. Be3 {[%clk 1:31:10]} Nbd7 {[%clk 1:27:22]} 7. Nf3 {[%clk 1:26:12]} e5
{[%clk 1:21:13]} 8. O-O {[%clk 1:26:01]} Ng4 {[%clk 1:18:29]} 9. Bg5
{[%clk 1:25:57]} f6 {[%clk 1:18:44]} 10. Bh4 {[%clk 1:25:34]} g5 {[%clk 1:18:49]}
11. Bg3 {[%clk 1:25:39]} Nh6 {[%clk 1:19:10]} 12. Qd2 {[%clk 1:07:01]} Nf7
{[%clk 1:02:54]} 13. h3 {[%clk 1:03:21]} h5 {[%clk 0:58:40]} 14. Rad1
{[%clk 0:59:07]} Re8 {[%clk 0:47:46]} 15. Rfe1 {[%clk 0:46:50]} f5
{[%clk 0:37:40]} 16. dxe5 {[%clk 0:44:01]} f4 {[%clk 0:36:44]} 17. e6
{[%clk 0:43:26]} Rxe6 {[%clk 0:37:06]} 18. Bh2 {[%clk 0:43:49]} c5
{[%clk 0:29:17]} 19. h4 {[%clk 0:35:51]} g4 {[%clk 0:27:57]} 20. Ng5
{[%clk 0:36:13]} Nxg5 {[%clk 0:26:58]} 21. hxg5 {[%clk 0:36:40]} g3
{[%clk 0:20:03]} 22. fxg3 {[%clk 0:36:57]} Bd4+ {[%clk 0:20:17]} 23. Kh1
{[%clk 0:36:57]} Be3 {[%clk 0:20:36]} 24. Qd5 {[%clk 0:31:46]} Nb6
{[%clk 0:20:24]} 25. Qd3 {[%clk 0:31:49]} Qxg5 {[%clk 0:19:38]} 26. Rf1
{[%clk 0:26:46]} Rg6 {[%clk 0:18:22]} 27. Nd5 {[%clk 0:18:39]} Nxd5
{[%clk 0:10:10]} 28. Qxd5+ {[%clk 0:18:53]} Qxd5 {[%clk 0:10:20]} 29. Rxd5
{[%clk 0:19:06]} fxg3 {[%clk 0:10:35]} 30. Bxh5 {[%clk 0:16:22]} Rh6
{[%clk 0:08:50]} 31. Rf3 {[%clk 0:15:06]} Bc1 {[%clk 0:08:12]} 32. Rxg3+
{[%clk 0:15:07]} Kh7 {[%clk 0:08:14]} 33. Rf3 {[%clk 0:12:37]} Be6
{[%clk 0:07:02]} 34. Rxd6 {[%clk 0:12:55]} Bxb2 {[%clk 0:06:51]} 35. Rb3
{[%clk 0:10:32]} Rxh5 {[%clk 0:03:17]} 36. Rxb2 {[%clk 0:08:09]} Rf8
{[%clk 0:02:32]} 37. Rxb7+ {[%clk 0:07:15]} Kh8 {[%clk 0:02:12]} 38. Kg1
{[%clk 0:05:48]} Bxc4 {[%clk 0:02:24]} 39. Rd1 {[%clk 0:05:47]} Bxa2
{[%clk 0:02:27]} 40. Rdd7 {[%clk 0:34:33]} Be6 {[%clk 0:32:31]} 41. Be5+
{[%clk 0:34:35]} 1-0